| 000 | 01731nam a2200325 a 4500 | ||
|---|---|---|---|
| 001 | ebr10298069 | ||
| 003 | CaPaEBR | ||
| 006 | m u | ||
| 007 | cr cn||||||||| | ||
| 008 | 081224s2009 enka sb 001 0 eng d | ||
| 010 | _z 2008055189 | ||
| 020 | _z9780470062067 (cloth) | ||
| 020 | _z9780470062074 | ||
| 020 | _z9780470065457 | ||
| 040 |
_aCaPaEBR _cCaPaEBR |
||
| 035 | _a(OCoLC)613535943 | ||
| 050 | 1 | 4 |
_aRC552.E18 _bR623 2009eb |
| 082 | 0 | 4 |
_a616.85/26206 _222 |
| 100 | 1 |
_aRobinson, Paul H., _cDr. |
|
| 245 | 1 | 0 |
_aSevere and enduring eating disorder (SEED) _h[electronic resource] : _bmanagement of complex presentations of anorexia and bulimia nervosa / _cPaul Robinson. |
| 260 |
_aChichester, West Sussex ; _aMalden, Mass. : _bWiley-Blackwell, _c2009. |
||
| 300 |
_axv, 168 p. : _bill. |
||
| 504 | _aIncludes bibliographical references (p. 157-162) and index. | ||
| 505 | 0 | _aPsychiatric issues in the assessment and management of SEED -- Medical dilemmas -- Social and occupational aspects -- Family life with SEED -- The care programme approach and seed -- A pilot case series using qualitative and quantitative methods : biological, psychological, and social outcome in severe and enduring eating disorder (anorexia nervosa) -- A comparison of SEED with schizophrenia -- 99 research ideas. | |
| 533 |
_aElectronic reproduction. _bPalo Alto, Calif. : _cebrary, _d2013. _nAvailable via World Wide Web. _nAccess may be limited to ebrary affiliated libraries. |
||
| 650 | 0 |
_aEating disorders _xTreatment. |
|
| 655 | 7 |
_aElectronic books. _2local |
|
| 710 | 2 | _aebrary, Inc. | |
| 856 | 4 | 0 |
_uhttp://site.ebrary.com/lib/rucke/Doc?id=10298069 _zAn electronic book accessible through the World Wide Web; click to view |
| 999 |
_c64836 _d64836 |
||